000 00802nam a2200277 i 4500
001 C2-0246703
003 PPAK
005 20180727211413.0
008 030324s1994 enka|||| ||||| | eng d
020 _a0751327662
040 _aPPAK
_beng
_cPPAK
_erda
082 0 4 _a581.63
_223
090 0 0 _a581.63
_bBRE
_dR
100 1 _aBremness, Lesley,
_eauthor
245 1 0 _aHerbs
264 1 _aLondon :
_bDorling Kindersley ,
_c1994
300 _a304 pages :
_bcolour illustrations ;
_c22 cm
336 _2rdacontent
_atext
337 _2rdamedia
_aunmediated
338 _2rdacarrier
_avolume
490 1 _aDorling Kindersley handbooks
500 _aIncludes index
650 1 0 _aHerbs - Handbooks, manuals, etc. ; Herbs - Pictorial work
830 0 _aDorling Kindersley handbooks
942 _ddc
_cB
999 _c60607
_d60607